Sellos del antiguo México (notice nᵒ 9568)
[ vue normale ]
| 000 -Sello discográfico | |
|---|---|
| campo de control de longitud fija | 00753nam a2200253 4500 |
| 005 - Identificación de versión | |
| campo de control | 20260407093347.0 |
| 035 ## - Otros números de control del sistema | |
| Número de control del sistema | 4448 |
| 099 ## - fechas locales | |
| Tipo de ítem Koha | LIBRO |
| 100 ## - Datos de procesamiento general | |
| Datos de procesamiento general | 20030806d1947 m y1spay5003 ba |
| 101 ## - Idioma del recurso | |
| Idioma del texto, banda sonora, etc. | Español; Castellano |
| 105 ## - Campo de datos codificados: Material textual, monográfico | |
| Datos codificados de monografía | a 001zy |
| 200 1# - Título y mención de responsabilidad | |
| Título propio | Sellos del antiguo México |
| Designación general del material | texto impreso |
| Primer mención de responsabilidad | Jorge Enciso |
| Declaración de responsabilidad subsiguiente | dibujos del autor |
| 210 ## - Publicación, distribución, etc. | |
| Lugar de publicación, distribución, etc. | México |
| Nombre del editor, distribuidor, etc. | Imprenta Policolor |
| Fecha de publicación, distribución, etc. | 1947 |
| 215 ## - Descripción física | |
| Designación de material específico y extensión del ítem | XX, 153 h |
| Otras características físicas | principalmente il. |
| Dimensiones | 31 cm |
| 345 ## - Nota de información de adquisición | |
| Fuente de adquisición/dirección de la suscripción [OBSOLETO] | Donación |
| 606 ## - Término temático usado como materia | |
| Elemento de entrada | Indios de México |
| Subdivisión temática | Arte |
| Número Koha | 1594 |
| 607 ## - Nombre geográfico utilizado como tema | |
| Elemento de entrada | México |
| Subdivisión temática | Antigüedades |
| Número Koha | 1429 |
| 660 ## - Código de área geográfica | |
| Código | MX |
| 700 ## - Nombre personal - Responsabilidad primaria | |
| Elemento de entrada | Enciso |
| Parte del nombre distinta del elemento de entrada | Jorge |
| Fechas | 1879-1969 |
| Número Koha | 12688 |
| 801 #0 - Fuente de origen | |
| País | FR |
| Agencia | cm |
| Reglas de catalogación (convenciones descriptivas) | AFNOR |
| 942 ## - ELEMENTOS DE ENTRADA SECUNDARIOS (KOHA) | |
| Tipo de ítem Koha | Livre |
| Estatus retirado | Estado de daño | Estado de pérdida | Fecha de adquisición | Biblioteca de origen | Biblioteca actual | Ubicación en estantería | Código de barras | Precio de reemplazo | Signatura topográfica completa | No para préstamo | Tipo de ítem Koha | Nota pública | Nota no pública |
|---|---|---|---|---|---|---|---|---|---|---|---|---|---|
| 05/08/2025 | Casa México Paris | Casa México Paris | 001788 | 05/08/2025 | R737.972 E56S | No se presta a domicilio | Livre | 20120213LIV | 751145101 |